[Event "CAN-op U2000"]
[Site "Montreal CAN"]
[Date "2014.07.26"]
[Round "9"]
[White "Armstrong, Robert J"]
[Black "Gao, Christine"]
[Result "1-0"]
[WhiteElo "1645"]
[BlackElo "1587"]
[PlyCount "129"]
[EventDate "2014.07.19"]
[EventType "swiss"]
[EventRounds "9"]
[EventCountry "CAN"]

1. d4 Nf6 2. c4 e6 3. Nf3 b6 4. e3 Bb7 5. Bd3 d5 6. O-O Be7 7. Nc3 O-O 8. b3 c5
9. Bb2 Nc6 10. dxc5 bxc5 11. cxd5 exd5 12. Rc1 Rc8 13. Bb1 Qd7 14. a3 Rfd8 15.
Qc2 g6 16. Rfd1 Qe8 17. Na4 Nd7 18. Qe2 Na5 19. Qb5 Nc4 20. Qxb7 Nxb2 21. Nxb2
Bf6 22. Na4 Rb8 23. Qxd5 Nb6 24. Qe4 Qb5 25. Rxd8+ Rxd8 26. Nxc5 Qxc5 27. Qe8+
Rxe8 28. Rxc5 Rd8 29. Bc2 Be7 30. Rc7 Bxa3 31. Rxa7 Rc8 32. Rxa3 Rxc2 33. Kf1
Kf8 34. Ke1 f5 35. Nd2 Rc7 36. Kd1 Ke7 37. Ra2 Kd6 38. Rc2 Ra7 39. Kc1 Nd5 40.
Nc4+ Ke6 41. Kb2 Rb7 42. Na5 Rb5 43. Nc6 Kd6 44. Nd4 Rb6 45. Rc8 Kd7 46. Rc5
Kd6 47. Rb5 Ra6 48. Rb7 Nf6 49. b4 Nd7 50. Kb3 Ra1 51. Kc4 Ra2 52. Nb5+ Ke7 53.
Nd4 Rxf2 54. Kd5 Rf1 55. b5 Rb1 56. Nc6+ Ke8 57. Kd6 Rd1+ 58. Nd4 Nf8 59. b6
Rb1 60. Re7+ Kd8 61. b7 Rxb7 62. Rxb7 Ke8 63. Re7+ Kd8 64. Nc6+ Kc8 65. Rc7#
1-0

[Event "CAN-op U2000"]
[Site "Montreal CAN"]
[Date "2014.07.26"]
[Round "9"]
[White "Gauthier, Luc"]
[Black "Krasnesheky, Valery"]
[Result "0-1"]
[WhiteElo "1781"]
[BlackElo "1804"]
[PlyCount "90"]
[EventDate "2014.07.19"]
[EventType "swiss"]
[EventRounds "9"]
[EventCountry "CAN"]

1. e4 e5 2. f4 d5 3. exd5 Qxd5 4. Nc3 Qe6 5. fxe5 Qxe5+ 6. Qe2 Qxe2+ 7. Bxe2
Bf5 8. d3 Nc6 9. Bf4 O-O-O 10. Nf3 Bb4 11. O-O Bxc3 12. bxc3 f6 13. Nd2 Be6 14.
Bf3 Ne5 15. Bxe5 fxe5 16. Ne4 Nf6 17. Nxf6 gxf6 18. Be4 Rdf8 19. Bf5 Kd7 20.
Rf3 h5 21. Raf1 Rh6 22. d4 Bxf5 23. Rxf5 e4 24. Kf2 Re8 25. Ke3 Re6 26. a4 Ke7
27. a5 Rc6 28. Kd2 Rg6 29. g3 h4 30. gxh4 Rg2+ 31. R1f2 e3+ 32. Kxe3 Rxc3+ 33.
Kd2 Rxf2+ 34. Rxf2 Rh3 35. Rf4 Ke6 36. c4 f5 37. Kc2 Kf6 38. Kb2 Rxh2+ 39. Kb3
Rg2 40. Kc3 Rg3+ 41. Kb4 Rg4 42. Rxg4 fxg4 43. d5 g3 44. c5 g2 45. c6 bxc6 0-1

[Event "CAN-op U2000"]
[Site "Montreal CAN"]
[Date "2014.07.26"]
[Round "9"]
[White "Jobin, Gilles G"]
[Black "Leblanc, Paul"]
[Result "1/2-1/2"]
[WhiteElo "1679"]
[BlackElo "1893"]
[PlyCount "89"]
[EventDate "2014.07.19"]
[EventType "swiss"]
[EventRounds "9"]
[EventCountry "CAN"]

1. d4 d5 2. Nf3 Nf6 3. e3 Bg4 4. Be2 e6 5. c4 c6 6. Ne5 Bxe2 7. Qxe2 Nbd7 8.
Nxd7 Qxd7 9. Bd2 Bd6 10. Nc3 O-O 11. O-O Rfe8 12. c5 Bc7 13. f4 Ba5 14. Nd1
Bxd2 15. Qxd2 Ne4 16. Qc2 Qe7 17. Nf2 f5 18. Nxe4 dxe4 19. a4 a5 20. Ra3 Kf7
21. Rb3 Rg8 22. g3 g5 23. fxg5 Rxg5 24. Rf4 Rag8 25. Qxe4 Ke8 26. Qe5 Kf7 27.
e4 Qd7 28. exf5 exf5 29. Qd6 Qxd6 30. cxd6 Ke6 31. Rxb7 Kxd6 32. Rxh7 Rb8 33.
Ra7 Rxb2 34. Rxa5 Rh5 35. Rf2 Rxf2 36. Kxf2 Rxh2+ 37. Kf3 Rd2 38. Ke3 Rg2 39.
Kf3 Rd2 40. Ke3 Rg2 41. Rxf5 Rxg3+ 42. Ke4 Rg4+ 43. Kd3 Rg1 44. Kc4 Rc1+ 45.
Kd3 1/2-1/2

[Event "CAN-op U2000"]
[Site "Montreal CAN"]
[Date "2014.07.26"]
[Round "9"]
[White "Lafleche, Alain"]
[Black "Itkin, Victor"]
[Result "1/2-1/2"]
[WhiteElo "1702"]
[BlackElo "1854"]
[PlyCount "140"]
[EventDate "2014.07.19"]
[EventType "swiss"]
[EventRounds "9"]
[EventCountry "CAN"]

1. e4 c5 2. Nf3 e6 3. d4 cxd4 4. Nxd4 Nf6 5. Nc3 Qb6 6. Be3 Ng4 7. Qd2 Nxe3 8.
Qxe3 Bc5 9. Na4 Qa5+ 10. Nc3 Qb4 11. O-O-O Nc6 12. Ncb5 Nxd4 13. Nc7+ Kf8 14.
Nxa8 Nxc2 15. Qd3 Nd4 16. f4 Qa4 17. Kb1 b6 18. Nc7 Bb7 19. Be2 Ke7 20. Na6
Bxa6 21. Qxa6 Qc2+ 22. Ka1 Qxe2 23. Qxe2 Nxe2 24. g3 Nd4 25. Rd3 Nc6 26. a3 a5
27. Rhd1 Rd8 28. R1d2 f6 29. g4 e5 30. f5 Bd4 31. Rb3 a4 32. Rbd3 Na5 33. Rc2
b5 34. Ka2 Nb3 35. h3 Nc5 36. Rxd4 exd4 37. Rxc5 Rb8 38. Rd5 Rb6 39. Rxd4 Rc6
40. Rd5 Rc4 41. e5 b4 42. axb4 Rxb4 43. exf6+ gxf6 44. Rd3 d6 45. Re3+ Kf7 46.
Ka3 Rd4 47. Rc3 d5 48. Rc7+ Kg8 49. Ra7 h5 50. Rxa4 Rd3+ 51. Ka2 Rxh3 52. gxh5
Rxh5 53. Rf4 Kf7 54. b4 Ke7 55. Kb3 Kd6 56. Ka4 Ke5 57. Rf1 Rxf5 58. Re1+ Kd6
59. b5 Re5 60. Rc1 Re8 61. b6 Rb8 62. Kb5 f5 63. Re1 f4 64. Re2 d4 65. Re4 Rc8
66. Rxd4+ Ke5 67. Rd1 f3 68. b7 Rb8 69. Kb6 Ke4 70. Ra1 f2 1/2-1/2

[Event "CAN-op U2000"]
[Site "Montreal CAN"]
[Date "2014.07.26"]
[Round "9"]
[White "Petit, Raymond"]
[Black "Weston, Paul"]
[Result "0-1"]
[WhiteElo "1789"]
[BlackElo "1963"]
[PlyCount "112"]
[EventDate "2014.07.19"]
[EventType "swiss"]
[EventRounds "9"]
[EventCountry "CAN"]

1. d4 d5 2. c4 e5 3. dxe5 d4 4. Nf3 Nc6 5. g3 Bg4 6. Bg2 Qd7 7. O-O O-O-O 8.
Qa4 Kb8 9. Na3 Bxf3 10. Bxf3 Nxe5 11. Qxd7 Nxf3+ 12. exf3 Rxd7 13. Rd1 Bxa3 14.
bxa3 c5 15. Bf4+ Kc8 16. Kf1 Ne7 17. Bd2 Nc6 18. Re1 Kd8 19. Re4 Re8 20. Rae1
Rde7 21. Rxe7 Rxe7 22. Rxe7 Kxe7 23. f4 a6 24. a4 b6 25. Ke2 Na7 26. Kd3 f5 27.
Be1 Kd6 28. Bd2 Kc6 29. Be1 Nc8 30. f3 b5 31. axb5+ axb5 32. cxb5+ Kxb5 33. g4
g6 34. gxf5 gxf5 35. Bh4 Kc6 36. Bd8 Kd5 37. Bf6 c4+ 38. Kd2 Nb6 39. Be7 Na4
40. Bf8 c3+ 41. Kd1 Kc4 42. Ba3 d3 43. Bc1 d2 44. Bxd2 cxd2 45. Kxd2 Kd4 46.
Kc2 Ke3 47. Kb3 Nb6 48. Kb4 Kxf3 49. Kb5 Nd5 50. Kc5 Nc3 51. a3 Kxf4 52. Kc4
Na4 53. Kb4 Nb2 54. Kc3 Na4+ 55. Kb4 Nb6 56. Kc5 Nc8 0-1

[Event "CAN-op U2000"]
[Site "Montreal CAN"]
[Date "2014.07.20"]
[Round "2"]
[White "Villeneuve, Benoit"]
[Black "Shah, Omar"]
[Result "0-1"]
[WhiteElo "1999"]
[BlackElo "1814"]
[PlyCount "74"]
[EventDate "2014.07.19"]
[EventType "swiss"]
[EventRounds "9"]
[EventCountry "CAN"]

1. e4 c5 2. Nf3 d6 3. d4 cxd4 4. Nxd4 Nf6 5. Nc3 a6 6. Be2 e6 7. Be3 Be7 8. O-O
O-O 9. f4 Qc7 10. Bf3 Nbd7 11. Nb3 Rb8 12. Ne2 b5 13. Ng3 Bb7 14. Rc1 Nb6 15.
Nd2 Na4 16. Rb1 b4 17. Rf2 Bc6 18. Be2 Bb5 19. Bxb5 axb5 20. Nf3 Ng4 21. Re2
Nxe3 22. Rxe3 Qc5 23. Qd2 Rfc8 24. Ne1 Bd8 25. Kh1 Bb6 26. Nf1 Qc4 27. Rd3 Qxa2
28. Rc1 Nxb2 29. Rb3 Nc4 30. Qd1 Qa8 31. Rxb4 Qxe4 32. Nd3 Bc5 33. Nd2 Qd5 34.
Rb3 Ne3 35. Qe2 Nf5 36. Nf3 Ng3+ 37. hxg3 Qh5+ 0-1

[Event "CAN-op U2000"]
[Site "Montreal CAN"]
[Date "2014.07.20"]
[Round "3"]
[White "Shah, Omar"]
[Black "Sellings, Edward"]
[Result "1/2-1/2"]
[WhiteElo "1888"]
[BlackElo "1663"]
[PlyCount "136"]
[EventDate "2014.07.19"]
[EventType "swiss"]
[EventRounds "9"]
[EventCountry "CAN"]

1. e4 c5 2. Nf3 a6 3. a4 Nc6 4. c3 e6 5. d4 cxd4 6. cxd4 d5 7. e5 Bb4+ 8. Nc3
Nge7 9. Bd3 Qb6 10. O-O Bd7 11. Be3 Rc8 12. Na2 Ba5 13. Qe2 Nb4 14. Nxb4 Bxb4
15. Ng5 Nf5 16. Qf3 Be7 17. Nxf7 Kxf7 18. g4 Rhf8 19. gxf5 exf5 20. Qxd5+ Qe6
21. Qxe6+ Kxe6 22. f4 Rc7 23. b3 Bc6 24. Rac1 Rfc8 25. Rc2 Bd5 26. Rfc1 Rxc2
27. Rxc2 Rxc2 28. Bxc2 g6 29. Kf2 Ba3 30. Ke2 Bb2 31. Kd2 Kd7 32. Bd1 Be4 33.
Be2 Bd5 34. Kc2 Ba3 35. Bd2 Be7 36. Bc4 Ke6 37. Be1 Bd8 38. a5 Be7 39. Kd3 Bd8
40. Bb4 Bh4 41. Ke3 Bd8 42. Be1 Be7 43. Ke2 Bd8 44. Kf1 Be7 45. Kg1 Bd8 46. h4
Be7 47. Kh2 Ba3 48. Bc3 Be7 49. Kh3 Bd8 50. h5 Be7 51. hxg6 hxg6 52. Kg3 Bf8
53. Kh3 Be7 54. Be1 Bd8 55. Kg3 Be7 56. Kh2 Bd8 57. Kh3 Be7 58. Bh4 Bb4 59. Bd8
Be1 60. Bb6 Bf2 61. Kh2 Bh4 62. Kh3 Be1 63. Bd8 Bf2 64. Bc7 Be1 65. Bb6 Bf2 66.
Bc7 Be1 67. Kh2 Bh4 68. Bb6 Bf2 1/2-1/2

[Event "CAN-op U2000"]
[Site "Montreal CAN"]
[Date "2014.07.21"]
[Round "4"]
[White "Autotte, Daniel"]
[Black "Shah, Omar"]
[Result "0-1"]
[WhiteElo "1821"]
[BlackElo "1999"]
[PlyCount "94"]
[EventDate "2014.07.19"]
[EventType "swiss"]
[EventRounds "9"]
[EventCountry "CAN"]

1. d4 Nf6 2. Bf4 c5 3. c3 Qb6 4. Qc2 cxd4 5. cxd4 Nc6 6. e3 e5 7. Bxe5 Nxe5 8.
dxe5 Qa5+ 9. Nc3 Nd5 10. Bc4 Nxc3 11. bxc3 Qxe5 12. Nf3 Qf6 13. Qe4+ Be7 14.
O-O O-O 15. Nd4 Bc5 16. Bd5 Rb8 17. Rab1 b6 18. a4 Ba6 19. Rfd1 Rbe8 20. Qf3
Qg6 21. Nb5 Bxb5 22. axb5 Re7 23. Ra1 d6 24. Ra2 Rfe8 25. h3 Rxe3 26. fxe3 Rxe3
27. Qxf7+ Qxf7 28. Bxf7+ Kxf7 29. Kf1 Rxc3 30. Rxa7+ Kg6 31. Rd7 Rc2 32. R7xd6+
Bxd6 33. Rxd6+ Kg5 34. Rxb6 h5 35. Rc6 Rb2 36. Rc5+ Kh4 37. Rc4+ Kg3 38. Rc3+
Kh2 39. g4 h4 40. Re3 Rxb5 41. Kf2 Rb2+ 42. Kf3 Kxh3 43. Kf4+ Kg2 44. Kg5 h3
45. Kh4 h2 46. Rg3+ Kf1 47. Rh3 Kg1 0-1

[Event "CAN-op U2000"]
[Site "Montreal CAN"]
[Date "2014.07.22"]
[Round "5"]
[White "Shah, Omar"]
[Black "Miettinen, Eric"]
[Result "1/2-1/2"]
[WhiteElo "1999"]
[BlackElo "1854"]
[PlyCount "64"]
[EventDate "2014.07.19"]
[EventType "swiss"]
[EventRounds "9"]
[EventCountry "CAN"]

1. e4 e6 2. d4 d5 3. Bd3 dxe4 4. Bxe4 Nf6 5. Bf3 c5 6. c3 Nc6 7. Ne2 Be7 8. O-O
O-O 9. Be3 Qb6 10. Qb3 Na5 11. Qxb6 axb6 12. Nd2 Bd7 13. Rfb1 Bc6 14. b4 cxb4
15. c4 Bxf3 16. gxf3 Rac8 17. Rc1 Rc6 18. d5 exd5 19. Nd4 Rcc8 20. Nf5 Bc5 21.
Bxc5 Rxc5 22. Ne7+ Kh8 23. cxd5 Rd8 24. Ne4 Nxe4 25. fxe4 g6 26. Rd1 Kg7 27.
Rab1 Kf8 28. d6 Nc4 29. Nd5 Rxd6 30. Rxb4 f5 31. Rdb1 fxe4 32. Nxb6 Nxb6
1/2-1/2

[Event "CAN-op U2000"]
[Site "Montreal CAN"]
[Date "2014.07.23"]
[Round "6"]
[White "Couture, Alain"]
[Black "Shah, Omar"]
[Result "0-1"]
[WhiteElo "1591"]
[BlackElo "1999"]
[PlyCount "86"]
[EventDate "2014.07.19"]
[EventType "swiss"]
[EventRounds "9"]
[EventCountry "CAN"]

1. b3 Nf6 2. Bb2 e6 3. Nf3 c5 4. e3 b6 5. c4 Bb7 6. Be2 Be7 7. O-O O-O 8. Nc3
d6 9. Qc2 Nbd7 10. Rad1 a6 11. Ne1 d5 12. Nf3 Qc7 13. cxd5 exd5 14. d4 Rac8 15.
Qf5 g6 16. Qb1 Rfe8 17. Rc1 Bd6 18. h3 Qd8 19. Rfd1 Bb8 20. Bf1 Qc7 21. Ne2 Nh5
22. Qa1 Qd6 23. a4 c4 24. g3 cxb3 25. Ba3 Qf6 26. Bg2 Rc2 27. Rxc2 bxc2 28. Rd2
Rc8 29. Ne1 Rc4 30. Bc1 Qc6 31. a5 b5 32. Qb2 Bc7 33. Rxc2 Bxa5 34. Rxc4 Qxc4
35. Nf3 Nhf6 36. Bf1 Qc7 37. Nf4 Nb6 38. Bd2 Nc4 39. Bxa5 Qxa5 40. Bxc4 dxc4
41. d5 c3 42. Qb3 Qa1+ 43. Kg2 Qb2 0-1

[Event "CAN-op U2000"]
[Site "Montreal CAN"]
[Date "2014.07.26"]
[Round "9"]
[White "Shah, Omar"]
[Black "Ma, Indy"]
[Result "1/2-1/2"]
[WhiteElo "1999"]
[BlackElo "1676"]
[PlyCount "75"]
[EventDate "2014.07.19"]
[EventType "swiss"]
[EventRounds "9"]
[EventCountry "CAN"]

1. e4 c5 2. Nf3 d6 3. d4 cxd4 4. Nxd4 Nf6 5. Nc3 a6 6. Be3 e5 7. Nb3 Be6 8. f3
Be7 9. Qd2 O-O 10. O-O-O Nbd7 11. g4 Nc5 12. h4 Nxb3+ 13. axb3 Qa5 14. Kb1 Rfc8
15. Nd5 Qxd2 16. Nxe7+ Kf8 17. Ng6+ hxg6 18. Bxd2 Rc6 19. h5 Rac8 20. c4 gxh5
21. g5 Nd7 22. Rxh5 Nc5 23. Bb4 Ke7 24. Bxc5 Rxc5 25. Bh3 g6 26. Rh7 b5 27.
Bxe6 Kxe6 28. Rd5 bxc4 29. b4 Rb5 30. Rxb5 axb5 31. Kc2 Ra8 32. Rh1 Rd8 33. Ra1
d5 34. Ra5 dxe4 35. fxe4 Rb8 36. Ra6+ Ke7 37. Ra5 Rb6 38. Ra7+ 1/2-1/2

[Event "CAN-op U2400"]
[Site "Montreal CAN"]
[Date "2014.07.19"]
[Round "1"]
[White "Abreu Cordero, Jose"]
[Black "Wiebe, Daniel"]
[Result "0-1"]
[WhiteElo "2069"]
[BlackElo "1864"]
[PlyCount "106"]
[EventDate "2014.07.19"]
[EventType "swiss"]
[EventRounds "9"]
[EventCountry "CAN"]

1. d4 Nf6 2. c4 g6 3. Nc3 d5 4. Nf3 Bg7 5. e3 O-O 6. Bd3 c5 7. O-O cxd4 8. exd4
dxc4 9. Bxc4 Bg4 10. Be3 Nc6 11. Be2 Qa5 12. Qb3 Qb4 13. Qc2 Bxf3 14. Bxf3 Nxd4
15. Bxd4 Qxd4 16. Bxb7 Rab8 17. Bf3 Rfc8 18. Rfd1 Qb4 19. Rab1 Nd7 20. Rxd7
Bxc3 21. Qe2 Bxb2 22. g3 e6 23. Rd2 Rc1+ 24. Rxc1 Bxc1 25. Rd7 Bb2 26. Kg2 Qa4
27. Qd2 Qxa2 28. Qd6 Re8 29. Qc7 a5 30. Qb7 a4 31. Be2 a3 32. Rd1 Bc3 33. Bd3
Qd5+ 34. Qxd5 exd5 35. Bb1 Rb8 36. Ba2 d4 37. Rb1 Rxb1 38. Bxb1 d3 39. Kf3 d2
40. Ke2 Kg7 41. Ba2 f5 42. f3 Kf6 43. h3 Ke5 44. Kd1 Kd4 45. h4 Ke3 46. Bd5 Kf2
47. g4 fxg4 48. fxg4 Kg3 49. h5 Kxg4 50. hxg6 hxg6 51. Kc2 Kf4 52. Bc4 Ke3 53.
Kd1 g5 0-1

[Event "CAN-op U2400"]
[Site "Montreal CAN"]
[Date "2014.07.19"]
[Round "1"]
[White "Beaulieu, Pierre"]
[Black "Dehmel, Jens"]
[Result "0-1"]
[WhiteElo "1858"]
[BlackElo "2067"]
[PlyCount "60"]
[EventDate "2014.07.19"]
[EventType "swiss"]
[EventRounds "9"]
[EventCountry "CAN"]

1. f4 d5 2. Nf3 Nc6 3. e3 Bg4 4. Bb5 Qd6 5. h3 Bxf3 6. Qxf3 a6 7. Ba4 Nf6 8.
Nc3 e6 9. O-O O-O-O 10. d4 Be7 11. a3 Na5 12. b4 Nc4 13. Bb3 Qc6 14. Na4 b6 15.
Rd1 Ne4 16. Rd3 f5 17. c3 g5 18. Ra2 Rhg8 19. Qh5 Rg7 20. Nb2 Rdg8 21. Nd1 g4
22. hxg4 Rxg4 23. Qxh7 Qe8 24. Qh6 Kd7 25. Bxc4 dxc4 26. d5 R4g6 27. dxe6+ Kxe6
28. Qh5 Rxg2+ 29. Rxg2 Rxg2+ 30. Kxg2 Qxh5 0-1

[Event "CAN-op U2400"]
[Site "Montreal CAN"]
[Date "2014.07.19"]
[Round "1"]
[White "Chan, James"]
[Black "Van Hoolandt, Patrick"]
[Result "1-0"]
[WhiteElo "2023"]
[BlackElo "2236"]
[PlyCount "150"]
[EventDate "2014.07.19"]
[EventType "swiss"]
[EventRounds "9"]
[EventCountry "CAN"]

1. e4 e5 2. Nf3 Nc6 3. Bb5 Nf6 4. Qe2 Bc5 5. c3 O-O 6. h3 Re8 7. Ba4 d5 8. d3
a6 9. Bg5 dxe4 10. dxe4 b5 11. Bb3 Na5 12. Bc2 Nc4 13. b4 Bb6 14. a4 Bb7 15.
O-O h6 16. Bh4 g5 17. Bg3 Nh5 18. Bh2 Nf4 19. Bxf4 gxf4 20. Nbd2 Nxd2 21. Nxd2
Re6 22. Rad1 Qh4 23. Nf3 Qh5 24. a5 Ba7 25. Kh2 Bc6 26. Bb3 Rg6 27. Bd5 Re8 28.
c4 Bxd5 29. Rxd5 bxc4 30. Qxc4 Kh8 31. Ne1 Rg7 32. Qxa6 Bd4 33. Qd3 Qh4 34. Nf3
Qe7 35. Nxd4 exd4 36. Rxd4 Reg8 37. Rg1 c5 38. bxc5 Qxc5 39. a6 Rg6 40. Qc4 Qa7
41. e5 f3 42. g3 Rxa6 43. Rf1 Ra2 44. e6 fxe6 45. Qxe6 Ra6 46. Qe5+ Qg7 47.
Qxg7+ Rxg7 48. Rf4 Ra3 49. g4 Rd7 50. Kg3 Rdd3 51. Rf5 Kg7 52. Re1 Rac3 53.
Re7+ Kg8 54. Re4 Rd1 55. Rxf3 Rg1+ 56. Kf4 Rc2 57. Kf5 Rg2 58. Kg6 Rc6+ 59. Kh5
Rh2 60. Re8+ Kg7 61. Re7+ Kg8 62. Kh4 Rg2 63. Re5 Kg7 64. Ref5 Rc7 65. Rg3 Rh2
66. f4 Rf2 67. Re3 Rg2 68. Rf3 Kg6 69. Rd5 Rc6 70. f5+ Kf7 71. Rd7+ Ke8 72. Rg7
Kf8 73. Rg6 Rxg6 74. fxg6+ Kg7 75. Kh5 Rh2 1-0

[Event "CAN-op U2400"]
[Site "Montreal CAN"]
[Date "2014.07.19"]
[Round "1"]
[White "De Barberis, Massimo"]
[Black "De Lagrave, Sylvain"]
[Result "1-0"]
[WhiteElo "2070"]
[BlackElo "1911"]
[PlyCount "95"]
[EventDate "2014.07.19"]
[EventType "swiss"]
[EventRounds "9"]
[EventCountry "CAN"]

1. e4 c5 2. Nf3 d6 3. c3 Nf6 4. Bb5+ Bd7 5. Qe2 Nc6 6. d4 a6 7. Ba4 b5 8. Bc2
e5 9. dxc5 dxc5 10. O-O Be7 11. Rd1 Qc7 12. Bg5 O-O 13. Nbd2 h6 14. Bh4 Be6 15.
Nf1 Rfd8 16. Ne3 Rxd1+ 17. Qxd1 Rd8 18. Qe2 Na5 19. b3 b4 20. c4 Nc6 21. Bg3
Nd7 22. Nd5 Bxd5 23. exd5 Nd4 24. Nxd4 cxd4 25. h4 Bf6 26. Qe4 Nc5 27. Qh7+ Kf8
28. Re1 Re8 29. h5 a5 30. Qf5 Qd7 31. Qf3 Qe7 32. Be4 Qd7 33. Qd1 Kg8 34. f3
Kf8 35. Bh7 Qd8 36. Re2 Bh4 37. Bxe5 Rxe5 38. Rxe5 Bg3 39. Qxd4 Nd7 40. Re3 Qg5
41. Qe4 Ne5 42. Bf5 Bf4 43. Re2 Qg3 44. Bh3 Qh2+ 45. Kf2 Qg3+ 46. Kf1 Qh2 47.
d6 Bg3 48. Qa8# 1-0

[Event "CAN-op U2400"]
[Site "Montreal CAN"]
[Date "2014.07.19"]
[Round "1"]
[White "De Kerpel, Stijn"]
[Black "Forget, Luc"]
[Result "1/2-1/2"]
[WhiteElo "2183"]
[BlackElo "1998"]
[PlyCount "104"]
[EventDate "2014.07.19"]
[EventType "swiss"]
[EventRounds "9"]
[EventCountry "CAN"]

1. c4 c5 2. g3 Nf6 3. Bg2 d5 4. cxd5 Nxd5 5. Nf3 Nc6 6. O-O e5 7. d3 Be7 8. Nc3
Nc7 9. Ne1 Bd7 10. f4 exf4 11. Bxf4 Ne6 12. Bd2 O-O 13. Nd5 Nc7 14. Nf4 Rc8 15.
Rc1 Nd4 16. Nf3 Bc6 17. Ne5 Bxg2 18. Nxg2 Nce6 19. Nc4 Bf6 20. b3 Re8 21. Rf2
Rc7 22. Qf1 Bg5 23. Bxg5 Nxg5 24. Nf4 b5 25. Nd2 Nf5 26. e4 Nh6 27. Nd5 Rc6 28.
Nf3 Nxf3+ 29. Rxf3 f5 30. Re1 fxe4 31. dxe4 g6 32. Rf4 Rce6 33. Qd3 Nf7 34. h4
Ne5 35. Qc2 c4 36. bxc4 bxc4 37. Re3 Qc8 38. Rc3 Qc5+ 39. Qf2 Qxf2+ 40. Rxf2
Nd3 41. Rfc2 Rxe4 42. Rxc4 Re1+ 43. Kh2 R8e2+ 44. Rxe2 Rxe2+ 45. Kg1 Rxa2 46.
Rc7 a5 47. Ra7 a4 48. Nc3 Ra1+ 49. Kg2 a3 50. Kf3 Nb4 51. Kg4 a2 52. Ra4 Rc1
1/2-1/2

[Event "CAN-op U2400"]
[Site "Montreal CAN"]
[Date "2014.07.19"]
[Round "1"]
[White "Destree, Frederic"]
[Black "Larochelle, Martial"]
[Result "0-1"]
[WhiteElo "1944"]
[BlackElo "2133"]
[PlyCount "62"]
[EventDate "2014.07.19"]
[EventType "swiss"]
[EventRounds "9"]
[EventCountry "CAN"]

1. Nf3 f5 2. g3 Nf6 3. Bg2 g6 4. O-O Bg7 5. d3 O-O 6. Nc3 d6 7. e4 Nc6 8. Qe2
e5 9. Be3 Qe8 10. Rad1 f4 11. Bc1 Bg4 12. d4 Nxd4 13. Qc4+ Qf7 14. Qxf7+ Rxf7
15. Nxd4 Bxd1 16. Rxd1 exd4 17. Rxd4 Ng4 18. Ra4 fxg3 19. fxg3 c6 20. h3 Ne5
21. Bf4 a6 22. Ne2 b5 23. Ra3 a5 24. Nd4 Nc4 25. Rd3 Nxb2 26. Rd2 Nc4 27. Rd3
Ne5 28. Rd1 Re7 29. Bxe5 dxe5 30. Nxc6 Rc7 31. Nd8 Bf6 0-1

[Event "CAN-op U2400"]
[Site "Montreal CAN"]
[Date "2014.07.19"]
[Round "1"]
[White "Docheshmeh, Amir Mohammad"]
[Black "Anastasovski, Nikola"]
[Result "0-1"]
[WhiteElo "1688"]
[BlackElo "2059"]
[PlyCount "94"]
[EventDate "2014.07.19"]
[EventType "swiss"]
[EventRounds "9"]
[EventCountry "CAN"]

1. d4 e6 2. Bf4 b6 3. e3 Bb7 4. Nf3 f5 5. c3 Nf6 6. Nbd2 Be7 7. h3 h6 8. Ne5
O-O 9. Ng6 Re8 10. Nxe7+ Rxe7 11. Be5 Rf7 12. Rg1 Nc6 13. Bh2 Ne4 14. Nxe4 fxe4
15. Qc2 d5 16. O-O-O Qf6 17. Bg3 Rc8 18. Qa4 a6 19. Be2 b5 20. Qa3 Qe7 21. Qxe7
Nxe7 22. Bg4 Nf5 23. Be5 c5 24. Bh5 Rd7 25. g4 Ne7 26. g5 hxg5 27. Rxg5 Nc6 28.
Bg4 Re8 29. Rg6 Nxe5 30. dxe5 Rde7 31. Rg1 Bc8 32. Bh5 Rf8 33. Rf6 Bd7 34. Rg5
Be8 35. Bg4 Bf7 36. h4 a5 37. h5 Kh7 38. Rf4 Rb8 39. Be2 b4 40. c4 a4 41. cxd5
exd5 42. Rfg4 Be6 43. Rg3 a3 44. Bg4 Bxg4 45. R3xg4 b3 46. Rg1 bxa2 47. Kc2
axb2 0-1

[Event "CAN-op U2400"]
[Site "Montreal CAN"]
[Date "2014.07.19"]
[Round "1"]
[White "Dorrance, Adam"]
[Black "Voloaca, Mihnea"]
[Result "1/2-1/2"]
[WhiteElo "2018"]
[BlackElo "2227"]
[PlyCount "86"]
[EventDate "2014.07.19"]
[EventType "swiss"]
[EventRounds "9"]
[EventCountry "CAN"]

1. d4 Nf6 2. Nf3 c5 3. dxc5 e6 4. g3 Bxc5 5. Bg2 d5 6. O-O Nc6 7. c4 d4 8. Bg5
O-O 9. Nbd2 Be7 10. a3 a5 11. Qc2 a4 12. Rfd1 e5 13. Ne1 Nd7 14. Bxe7 Qxe7 15.
e4 Nc5 16. Nd3 Bg4 17. f3 Nxd3 18. Qxd3 Be6 19. f4 f6 20. f5 Bf7 21. g4 Rfc8
22. Rac1 Na5 23. Rc2 Rc5 24. Bf1 Rac8 25. Rdc1 Qc7 26. h4 b5 27. Qg3 bxc4 28.
g5 Kf8 29. h5 fxg5 30. Qxg5 Qe7 31. Qg3 Bxh5 32. Bxc4 Be2 33. Bd3 Rxc2 34. Rxc2
Rxc2 35. Bxc2 Qc5 36. Bd3 Qc1+ 37. Kf2 Bxd3 38. Qxd3 Qxb2 39. Ke1 Qc3 40. Qa6
Nb3 41. Qd6+ Ke8 42. Qxe5+ Kd8 43. Qd6+ Ke8 1/2-1/2

[Event "CAN-op U2400"]
[Site "Montreal CAN"]
[Date "2014.07.19"]
[Round "1"]
[White "Drkulec, Vladimir"]
[Black "Gelet, Seymour"]
[Result "1-0"]
[WhiteElo "1922"]
[BlackElo "2083"]
[PlyCount "115"]
[EventDate "2014.07.19"]
[EventType "swiss"]
[EventRounds "9"]
[EventCountry "CAN"]

1. d4 d5 2. c4 e6 3. Nf3 Nf6 4. g3 c6 5. Qc2 Be7 6. Bg2 O-O 7. O-O Ne4 8. Nfd2
f5 9. Nxe4 fxe4 10. f3 Bf6 11. Rd1 exf3 12. exf3 Bd7 13. Qe2 Qe7 14. b3 Re8 15.
Ba3 Qf7 16. f4 Na6 17. Bd6 Rac8 18. c5 Nc7 19. Nc3 Red8 20. Rd3 Ne8 21. Be5
Bxe5 22. fxe5 Nc7 23. Rf1 Qe7 24. Rf4 Be8 25. Rd1 Bg6 26. Rdf1 Rf8 27. R1f2
Rxf4 28. Rxf4 Rf8 29. Qf1 Rxf4 30. Qxf4 Qf7 31. Bf1 Qf5 32. Qxf5 Bxf5 33. Kf2
Kf7 34. Kf3 Kg6 35. h3 Kh6 36. h4 Ne8 37. b4 Nc7 38. Be2 a6 39. Kf4 Ne8 40. a4
Nc7 41. Bf1 Kg6 42. Be2 Kh6 43. b5 axb5 44. axb5 cxb5 45. Nxb5 Na6 46. Nd6 Nb4
47. Bf3 Kg6 48. Bd1 Nd3+ 49. Ke3 Nb4 50. Kd2 Kh6 51. Bb3 g5 52. Kc3 Nc6 53.
Bxd5 gxh4 54. gxh4 Kg6 55. Bxc6 bxc6 56. Nxf5 exf5 57. d5 Kf7 58. Kd3 1-0

[Event "CAN-op U2400"]
[Site "Montreal CAN"]
[Date "2014.07.19"]
[Round "1"]
[White "Drolet, Stephane"]
[Black "Doknjas, Joshua"]
[Result "1-0"]
[WhiteElo "2066"]
[BlackElo "1849"]
[PlyCount "101"]
[EventDate "2014.07.19"]
[EventType "swiss"]
[EventRounds "9"]
[EventCountry "CAN"]

1. d4 d5 2. Nf3 Nf6 3. c4 dxc4 4. Qa4+ Qd7 5. Qxc4 Qc6 6. e3 e6 7. Nc3 Qxc4 8.
Bxc4 Bb4 9. Bd2 a6 10. Ke2 O-O 11. a3 Ba5 12. b4 Bb6 13. a4 Rd8 14. a5 Ba7 15.
Rhc1 c6 16. Na4 Nbd7 17. Nc5 Nxc5 18. bxc5 Bb8 19. Bd3 Nd5 20. g3 Nc7 21. Ne5
Nb5 22. Nc4 Bc7 23. Bc3 h6 24. Bb2 Kf8 25. Bc2 Ke7 26. Rd1 Bd7 27. e4 f6 28. e5
f5 29. Nd6 Rab8 30. f3 Rf8 31. Kd3 Bd8 32. Rf1 Nxd6 33. exd6+ Ke8 34. Rfe1 Bf6
35. Bb3 Kf7 36. Bc1 g5 37. Bc4 Kg6 38. Rb1 Rfe8 39. f4 g4 40. Re2 Bc8 41. Bxa6
Ra8 42. Bxb7 Bxb7 43. Rxb7 Bd8 44. Ra2 Rxa5 45. Rxa5 Bxa5 46. Bd2 Bxd2 47. Kxd2
Kf6 48. Rc7 Ra8 49. Rxc6 Kf7 50. Rc7+ Ke8 51. c6 1-0

[Event "CAN-op U2400"]
[Site "Montreal CAN"]
[Date "2014.07.19"]
[Round "1"]
[White "Le Duin, Thierry"]
[Black "Thau, Peter"]
[Result "1-0"]
[WhiteElo "2062"]
[BlackElo "1813"]
[PlyCount "129"]
[EventDate "2014.07.19"]
[EventType "swiss"]
[EventRounds "9"]
[EventCountry "CAN"]

1. d4 f5 2. c4 Nf6 3. Nc3 g6 4. h3 d6 5. Bf4 Bg7 6. e3 Be6 7. Bd3 Qd7 8. Nge2
c6 9. O-O Na6 10. a3 O-O 11. b4 Nc7 12. Rb1 b5 13. c5 dxc5 14. bxc5 Ncd5 15.
Bh2 Nxc3 16. Nxc3 Nd5 17. Ne2 Nf6 18. Be5 a5 19. Bc2 Nd5 20. Bxg7 Kxg7 21. Bb3
a4 22. Bxd5 Bxd5 23. Nf4 Rad8 24. Rb4 Rfe8 25. Nd3 Qc7 26. Ne5 Rf8 27. f4 Qc8
28. Qe1 Qe6 29. Rb2 Ra8 30. Qh4 Rh8 31. Kf2 Rae8 32. Rg1 Qf6 33. Qg3 Rd8 34.
Rh1 Rhg8 35. h4 h5 36. Rh3 Bc4 37. Qh2 Bd5 38. Rg3 Bf7 39. Rg5 Kh7 40. Qg3 Be8
41. Qf3 Rd5 42. Rxb5 Rxd4 43. exd4 cxb5 44. Qb7 Kh8 45. d5 Rf8 46. c6 Qd6 47.
c7 Qc5+ 48. Kg3 Qc3+ 49. Kh2 Qd4 50. c8=Q Qxf4+ 51. Rg3 Qxh4+ 52. Kg1 Qd4+ 53.
Kh1 Qh4+ 54. Rh3 Qe1+ 55. Kh2 Qxe5+ 56. Rg3 h4 57. Qc3 hxg3+ 58. Qxg3 Qe4 59.
Qbc7 Kg7 60. Qge5+ Qxe5+ 61. Qxe5+ Kf7 62. Qe6+ Kg7 63. Qxe7+ Bf7 64. d6 Re8
65. Qc7 1-0